Star Wars. Thrawn /
Další z volně navazujících příběhů série Star Wars nás seznamuje se začátkem kariéry velkoadmirála Thrawna.
Uloženo v:
| Série: | Thrawn,
část 1 |
|---|---|
| Hlavní autor: | |
| Další autoři: | |
| Médium: | E-kniha |
| Jazyk: | Czech |
| Vydáno: |
V Praze :
Egmont,
2018
|
| Vydání: | První vydání |
| Témata: | |
| Příbuzné jednotky: | Z cyklu::
Thrawn |
| Tagy: |
Žádné tagy |
| LEADER | 02677nam a2200481 i 4500 | ||
|---|---|---|---|
| 001 | 311320 | ||
| 003 | CZ PrSKC | ||
| 005 | 20260601215703.0 | ||
| 007 | ta | ||
| 008 | 180903s2018 xr g 000 f cze | ||
| 015 | |a cnb003023485 | ||
| 020 | |a 9788025243336 |q (brožováno) : |c Kč 329,00 | ||
| 035 | |a (OCoLC)1066061454 | ||
| 040 | |a BOA001 |b cze |d OLA001 |e rda | ||
| 041 | 1 | |a cze |h eng | |
| 072 | 7 | |a 821.111(73)-3 |x Americká próza |2 Konspekt | |
| 080 | |a 821.111(73)-31 |2 MRF | ||
| 080 | |a (0:82-311.9) |2 MRF | ||
| 100 | 1 | |a Zahn, Timothy, |d 1951- |7 jn20010310198 |4 aut | |
| 240 | 1 | 0 | |a Thrawn. |l Česky |7 aun20181009597 |
| 245 | 1 | 0 | |a Star Wars. |p Thrawn / |c Timothy Zahn ; z anglického originálu Star Wars - Thrawn přeložil Lubomír Šebesta |
| 246 | 3 | 0 | |a Thrawn |
| 250 | |a První vydání | ||
| 264 | 1 | |a V Praze : |b Egmont, |c 2018 | |
| 300 | |a 378 stran ; |c 21 cm | ||
| 336 | |a text |b txt |2 rdacontent | ||
| 337 | |a bez média |b n |2 rdamedia | ||
| 338 | |a svazek |b nc |2 rdacarrier | ||
| 520 | 2 | |a Další z volně navazujících příběhů série Star Wars nás seznamuje se začátkem kariéry velkoadmirála Thrawna. |b Hlavní roli v této knize mají tři osoby, Thrawn, jenž byl nalezen na řídce obydlené planetě a kvůli jeho schopnostem mu bylo nabídnuto místo poručíka. Kadet Eli Vanto, který se díky své znalosti sybištiny stává překladatelem a pravou rukou Thrawna a administrátorka Arihnda Pryce, jež může být pro Thrawna jak přínosem, tak i zkázou. Příběh popisuje jejich cestu k moci a přibližuje nebezpečí jimž jsou během této cesty vystaveni. Podaří se Thrawnovi přežít za pomoci jeho vynikajícího úsudku a brilantní strategie? Dosáhne Arihnda toho po čem touží a přežije Eli po boku svého nadřízeného? | |
| 521 | 8 | |a Pro čtenáře od 12 let | |
| 546 | |a Český text | ||
| 655 | 7 | |a americké romány |7 fd131796 |2 czenas | |
| 655 | 7 | |a vědecko-fantastické romány |7 fd133847 |2 czenas | |
| 655 | 9 | |a American fiction |2 eczenas | |
| 655 | 9 | |a science fiction novels |2 eczenas | |
| 700 | 1 | |a Šebesta, Lubomír |7 xx0084760 |4 trl | |
| 787 | 0 | 8 | |i Z cyklu: |t Thrawn |g 1 |
| 900 | |a ABA001 |b 20 | ||
| 928 | 9 | |a Albatros Media - Egmont | |
| 044 | |a xr | ||
| 910 | |a RBIT002 | ||
| 998 | |d 317740 |a https://core.palmknihy.cz/api/books/317740/cover?si6rks |b https://core.palmknihy.cz/api/books/317740/cover/400?si6rks |c https://core.palmknihy.cz/api/books/317740/cover/50?si6rks |e 2026-12-31 |g 384 |i 9788025243336 |j https://core.palmknihy.cz/api/books/317740/preview.epub |k https://core.palmknihy.cz/api/books/317740/preview.pdf |l |q 49 |r 1 |s https://www.palmknihy.cz/kniha/317740 |t ebook |y 2021 |z 0 |v Star Wars - Thrawn |w 1 | ||
| 999 | |d 311318 | ||